| 000 | 00844nam a2200241 i 4500 | ||
|---|---|---|---|
| 001 | bg | ||
| 100 | 1 | _aCZUPRATOWSKA-SEMCZUK, Maria | |
| 245 | 1 | 0 |
_a50 lat z Zespołem Pieśni i Tańca Politechniki Warszawskiej / _cMaria Czupratowska-Semczuk. |
| 260 |
_aWarszawa : _bOficyna Wydawnicza Politechniki Warszawskiej, _c2001. |
||
| 300 |
_a216 s. : _bfaks., fot. ; _c30 cm. |
||
| 610 | 2 | 9 | _aZespół Pieśni i Tańca Politechniki Warszawskiej |
| 610 | 2 | 9 | _aPolitechnika Warszawska |
| 650 | 9 |
_aZespoły pieśni i tańca _zPolska _yod 1944 r. |
|
| 651 | 9 |
_aWarszawa _xszkolnictwo wyższe _yod 1944 r. |
|
| 655 | _aKsięgi pamiątkowe | ||
| 020 | _a8372072760 | ||
| 040 | _cBPK | ||
| 041 | 0 | _apol | |
| 080 | _a793.3.031.4:378.662](438)"1944/..."(082.1) | ||
| 920 | _a83-7207-276-0 | ||
| 942 | _cKS | ||
| 008 | s pl f |000 0 pol | ||
| 999 |
_c51340 _d51340 |
||
| 856 |
_uhttp://koha.tu.koszalin.pl/cgi-bin/koha/opac-detail.pl?biblionumber=51340 _yKatalog online BPK |
||